00922nam a2200229Ia 4500001000700000003000500007008004100012010001100053040000900064082001800073111011900091245011700210260005800327300001100385503001000396504002700406650003900433650002700472650003600499700003400535711012300569Z_6113CHAP220113s1992 xx 000 0 und d a168882 cCHAP a636.08063 S48 aSimposio Internacional sobre alternativas y estrategias en producción animal (1: abril 1992: Chapingo, México) aSimposio Internacional sobre alternativas y estrategias en producción animal /ceditor Quito López Tirado; aMéxico :bUACh :,bDepartamento de Zootecnia,c1992 a337 p. aej.1: aIncluye bibliografía aGanaderíaxAspectos económicos aGanaderíaxCongresos aIndustrias pecuariasxCongresos aI. López Tirado, Quito, ed. aII. Simposio Internacional sobre alternativas y estrategias en producción animal (1: abril 1992: Chapingo, México)